The economics of taste (Record no. 7369)

MARC details
000 -CABECERA
campo de control de longitud fija 00785nam a2200253 a 4500
001 - NÚMERO DE CONTROL
campo de control BRCA_7695
005 - FECHA Y HORA DE LA ÚLTIMA TRANSACCIÓN
campo de control 20190320205941.0
008 - DATOS DE LONGITUD FIJA--INFORMACIÓN GENERAL
campo de control de longitud fija 230813s1963----enka######---#000-0#eng-#
041 ## - CÓDIGO DE LENGUA
Código de lengua del texto/banda sonora o título independiente eng
044 ## - CÓDIGO DEL PAÍS DE LA ENTIDAD EDITORA/PRODUCTORA
Código MARC del país enk
050 #4 - SIGNATURA TOPOGRÁFICA DE LA BIBLIOTECA DEL CONGRESO
Número de clasificación ND8603
Número de documento/Ítem .R45 1963
100 1# - ENTRADA PRINCIPAL--NOMBRE DE PERSONA
Nombre de persona Reitlinger, Gerald Roberts
9 (RLIN) 19014
245 10 - MENCIÓN DE TÍTULO
Título The economics of taste
Resto del título the rise and fall of objects d´art price since 1750
Mención de responsabilidad, etc. Gerald Reitlinger.
260 ## - PUBLICACIÓN, DISTRIBUCIÓN, ETC.
Lugar de publicación, distribución, etc. Londres
Nombre del editor, distribuidor, etc. Barrie & Rockliff
Fecha de publicación, distribución, etc. c1963
300 ## - DESCRIPCIÓN FÍSICA
Extensión 708 p.
Dimensiones 23 cm.
500 ## - NOTA GENERAL
Nota general La biblioteca solo cuenta con el v.II
500 ## - NOTA GENERAL
Nota general U32
650 14 - PUNTO DE ACCESO ADICIONAL DE MATERIA--TÉRMINO DE MATERIA
Término de materia o nombre geográfico como elemento de entrada Objetos de arte
Subdivisión de forma Precios
9 (RLIN) 19015
650 14 - PUNTO DE ACCESO ADICIONAL DE MATERIA--TÉRMINO DE MATERIA
Término de materia o nombre geográfico como elemento de entrada Objetos de arte
Subdivisión de forma Comercio
9 (RLIN) 19016
650 14 - PUNTO DE ACCESO ADICIONAL DE MATERIA--TÉRMINO DE MATERIA
Término de materia o nombre geográfico como elemento de entrada Arte
Subdivisión de forma Subastas
9 (RLIN) 19017
650 14 - PUNTO DE ACCESO ADICIONAL DE MATERIA--TÉRMINO DE MATERIA
Término de materia o nombre geográfico como elemento de entrada Arte
Subdivisión de forma Coleccionistas y colecciones
9 (RLIN) 15108
902 ## - CATALOGADOR
Iniciales GFM
942 ## - ELEMENTOS DE PUNTO DE ACCESO ADICIONAL (KOHA)
Fuente del sistema de clasificación o colocación Library of Congress Classification
Tipo de ítem Koha Libros
Holdings
Estado de retiro Estado de pérdida Estado dañado No para préstamo Localización permanente Ubicación/localización actual Fecha de adquisición Número de inventario Total de préstamos Signatura topográfica completa Código de barras Fecha visto por última vez Precio válido a partir de Tipo de ítem Koha
El ejemplar forma parte de la colección y puede ser consultado según las políticas vigentes.       Biblioteca del Museo Franz Mayer (Rogerio Casas-Alatriste) Biblioteca del Museo Franz Mayer (Rogerio Casas-Alatriste) 22/08/2013 U32   ND8603 .R45 1963 (U32) 8304 22/03/2019 22/03/2019 Libros